Kraje produkujące najwięcej mleka. - Statystyki

Ogólne statystyki
  • Ten quiz został rozwiązany 122 razy
  • Średni wynik to 8 z 10
Statystyki odpowiedzi
mleko w tonach kraje % Poprawnych
35.6 mln Chiny
100%
98.72 mln Stany Zjednoczone
97%
26.52 mln Francja
91%
187.96 mln Indie
89%
30.6 mln Rosja
89%
33.1 mln Niemcy
88%
34.11 mln Brazylia
82%
22.12 mln Turcja
55%
45.79 mln Pakistan
51%
21.39 mln Nowa Zelandia
26%
Nie znaleziono quizów pasujących do podanych kryteriów
Rozkład punktacji
Procent ludzi z każdym wynikiem
Percentyl według liczby udzielonych odpowiedzi
Twoja historia wyników
Nie rozwiązałeś tego quizu